| 000 | 00404nam a2200145 i 4500 | ||
|---|---|---|---|
| 001 | 150653 | ||
| 003 | ES-MaACL | ||
| 005 | 20230906203623.0 | ||
| 007 | t| | ||
| 008 | 071105s1923 xr ||||1| fre d | ||
| 100 | 1 |
_aDvorák, Ladislav Fr. _946399 |
|
| 245 | 1 | 3 |
_aLa coopération dans la République Tchécoslovaque / _cL. F. Dvorák. |
| 260 |
_aPrague : _b[s.n., _c1923?] |
||
| 852 |
_aES-MaACL _j1643-F-3 |
||
| 999 |
_c150653 _d150653 |
||